000
00316nam a2200133Ia 4500
005
20260328104329.0
008
260328s9999||||xx |||||||||||||| ||und||
100
_a
Fischer, Joachim
245
0
_a
Hormigon, Concreto /
_c
Joachim Fischer
260
_b
Fullmann
300
_a
287 p.
650
_a
CONCRETO
942
_c
BK
999
_c
11643
_d
11643